Sociología del derecho

保存先:
書誌詳細
第一著者: Robles, Gregorio (著者)
フォーマット: 図書
言語:スペイン語
出版事項: Madrid Civitas 1993
主題:
タグ: タグ追加
タグなし, このレコードへの初めてのタグを付けませんか!

MARC

LEADER 00000nam a2200000 a 4500
001 UCX9156
003 CL-VaPUC
008 940518e19930000SP |||||||||||||||||spa|d
082 0 4 |a 340.115  |b ROB  |2 21 
100 0 |a Robles, Gregorio  |e author  |9 326488 
245 1 0 |a Sociología del derecho 
300 |a 257 p 
942 |c BK 
945 |d 19940518 00:00:00  |a aalvarez 
260 |a Madrid  |b Civitas  |c 1993 
650 0 |a Sociología del derecho  |9 254890 
583 |a last modification  |c 19940518 00:00:00  |k Rodrigo Vera 
999 |c 228475  |d 228473 
952 |0 0  |1 0  |4 0  |6 340_115000000000000_ROB_1993  |7 0  |8 DER_TF  |9 228598  |a BIBDER  |b BIBDER  |d 2019-11-15  |i 2981254  |o 340.115 ROB 1993  |p 2981254  |r 2023-01-25  |w 2019-11-15  |x Ubicación 4to Piso  |y BK  |z Estos recursos deben solicitarse con anticipación  |k DER